000 00523nam a22001817a 4500
003 OSt
005 20170105103440.0
008 120419t xxu||||| |||| 00| 0 eng d
020 _a9788131728604
040 _aASAB
_cASAB
100 _aAndrew R Leachh
_966
245 _aMolecular Modelling
_bPrinciples and Applications
_cAndrew R Leach
260 _aIndia
_bPearson Education
300 _a744 pages
440 _aMolecular Modelling principles and Applications
_967
650 _2Molecular Modelling
_968
942 _2lcc
_cBK
999 _c16449
_d16449